00428nam a2200169Ia 4500003000400000005001700004008004100021040000700062041001200069082001700081100001900098245005800117260003800175365001300213650001400226650001800240OSt20250917193211.0210423s1997 xx 000 0 und d cAL aEnglish a305.4 bMATE aLilly C Mathew aEmpowerment of women through education and employment aMaduraibMadurai universityc1997 b120cINR aSociology aWomen Studies